Представление документа в формате MARC21

Поле Инд. ПП Название Значение
Тип записи a
Библиографический уровень b
001 Контрольный номер RU/IS/BASE/202324613
005 Дата корректировки 20220715140322.5
008 Кодируемые данные 20060530
084 a Индекс другой классификации/Индекс ББК 66.3(2Рос),131; 60.561.328
100 1_ a Автор Реутов Е. В.
q Полное имя Реутов Евгений Викторович
245 a Заглавие Территориально-поселенческая структура региона и итоги выборов в Государственную Думу
504 a Библиография Библиогр. ссылки. - Примеч.
650 a Основная рубрика внутренняя политика
a Основная рубрика политика
a Основная рубрика политическая социология
a Основная рубрика социология
653 a Ключевые слова выборы
a Ключевые слова выборы в Государственную думу РФ
a Ключевые слова партийные предпочтения
a Ключевые слова политические партии
a Ключевые слова сельское население
a Ключевые слова социология выборов
a Ключевые слова электоральное поведение
a Ключевые слова электоральные предпочтения
a Ключевые слова электорат (избиратели)
773 t Заглавие источника Вестник Московского университета. Серия 18, Социология и политология
d Дата издания источника 2006
g Прочая информация № 1. - С. 150 - 160 : табл.
w Контрольный № источника RU/IS/BASE/199372887
901 t Тип документа b